| 000 -ლიდერი |
| ფიქსირებული სიგრძის საკონტროლო ველი |
01016nam a2200229Ia 4500 |
| 001 - საკონტროლო ნომერი |
| საკონტროლო ველი |
17901 |
| 003 - საკონტროლო ნომრის იდენტიფიკატორი |
| საკონტროლო ველი |
GE_BSU |
| 005 - ბოლო ოპერაციის თარიღი და დრო |
| საკონტროლო ველი |
20200228112653.0 |
| 008 - ფიქსირებული სიგრძის მონაცემთა ელემენტები - ზოგადი ინფორმაცია |
| ფიქსირებული სიგრძის საკონტროლო ველი |
181216s1937ge xx |||||||||||||| ||geo|| |
| 040 ## - კატალოგიზაციის წყარო |
| Transcribing agency |
GE_BSU |
| 041 ## - ენის კოდი |
| Language code of text/sound track or separate title |
geo |
| 080 ## - უნივერსალური ათობითი კლასიფიკაციის ინდექსი |
| Universal Decimal Classification number |
821.353.1-32 ჭ-15 |
| 100 ## - მთავარი ჩანაწერი - პიროვნების სახელი |
| Personal name |
ჭავჭავაძე, ი. (ილია, 1837-1907) |
| 9 (RLIN) |
7595 |
| 245 ## - ცნობა სათაურის შესახებ |
| Title |
ოთარაანთ ქვრივი : |
| Remainder of title |
მოთხრობა / |
| Statement of responsibility, etc |
ი. ჭავჭავაძე ; რედ.ი. გრიშაშვილი ; მხატვ. ლ. ზაალიშვილი. |
| 264 ## - წარმოების, გამოცემის, დისტრიბუციის და სხვა ცნობები |
| გამოცემის, წარმოების, დისტრიბუციის... ადგილი |
თბილისი : |
| გამოცემის, წარმოების, დისტრიბუციის... სახელწოდება |
ფედერაცია, |
| გამოცემის, წარმოების, დისტრიბუციის... თარიღი |
1937. |
| 300 ## - ფიზიკური აღწერა |
| Extent |
94 გვ. ; |
| Dimensions |
17 სმ. |
| 653 ## - INDEX TERM--UNCONTROLLED |
| Uncontrolled term |
ოთარაანთ ქვრივი |
| 653 ## - INDEX TERM--UNCONTROLLED |
| Uncontrolled term |
ქართული ლიტერატურა |
| 700 ## - ADDED ENTRY--PERSONAL NAME |
| Personal name |
გრიშაშვილი, ი |
| Relator term |
რედაქტორი |
| 9 (RLIN) |
4937 |
| 700 ## - ADDED ENTRY--PERSONAL NAME |
| Personal name |
ზაალიშვილი, ლ |
| Relator term |
მხატვარი |
| 9 (RLIN) |
7614 |
| 942 ## - ADDED ENTRY ELEMENTS (KOHA) |
| Koha item type |
წიგნი |
| Source of classification or shelving scheme |
|